National Versus Local Data Sources in the Study of Homicide - Do They Agree?

Guardado en:  
Detalles Bibliográficos
Autores principales: Zahn, Margaret (Autor) ; Riedel, Marc (Autor)
Tipo de documento: Electrónico Artículo
Lenguaje:Inglés
Publicado: Sage Publications 1983
En:Enthalten in: Measurement Issue in Criminal Justice (1983), NCJ 092344, Seite 103-120
Acceso en línea: Volltext (lizenzpflichtig)
Verificar disponibilidad: HBZ Gateway

MARC

LEADER 00000caa a22000002c 4500
001 1912632314
003 DE-627
005 20250128055004.0
007 cr uuu---uuuuu
008 241217s1983 xx |||||o 00| ||eng c
035 |a (DE-627)1912632314 
035 |a (DE-599)KXP1912632314 
040 |a DE-627  |b ger  |c DE-627  |e rda 
041 |a eng 
084 |a 2,1  |2 ssgn 
100 1 |a Zahn, Margaret  |e VerfasserIn  |4 aut 
245 1 0 |a National Versus Local Data Sources in the Study of Homicide - Do They Agree? 
264 1 |b Sage Publications  |c 1983 
336 |a Text  |b txt  |2 rdacontent 
337 |a Computermedien  |b c  |2 rdamedia 
338 |a Online-Ressource  |b cr  |2 rdacarrier 
700 1 |a Riedel, Marc  |e VerfasserIn  |4 aut 
773 0 8 |i Enthalten in  |t Measurement Issue in Criminal Justice  |g (1983), NCJ 092344, Seite 103-120 
773 1 8 |g year:1983  |g number:NCJ 092344  |g pages:103-120 
787 0 8 |i Forschungsdaten  |a Zahn, Margaret A.  |t Nature and Patterns of Homicide in Eight American Cities, 1978  |d [Erscheinungsort nicht ermittelbar] : [Verlag nicht ermittelbar], 1988  |w (DE-627)1840064064 
787 0 8 |i Forschungsdaten  |a Riedel, Marc  |t Trends in American Homicide, 1968-1978: Victim-Level Supplementary Homicide Reports  |d [Erscheinungsort nicht ermittelbar] : [Verlag nicht ermittelbar], 1987  |w (DE-627)184006319X 
856 4 0 |u https://www.ncjrs.gov/App/Publications/abstract.aspx?ID=92344  |x Verlag  |z lizenzpflichtig  |3 Volltext  |7 1 
935 |a mkri 
951 |a AR 
ELC |a 1 
LOK |0 000 xxxxxcx a22 zn 4500 
LOK |0 001 4637597846 
LOK |0 003 DE-627 
LOK |0 004 1912632314 
LOK |0 005 20241217044735 
LOK |0 008 241217||||||||||||||||ger||||||| 
LOK |0 035   |a (DE-2619)ICPSR111268 
LOK |0 040   |a DE-2619  |c DE-627  |d DE-2619 
LOK |0 092   |o n 
LOK |0 852   |a DE-2619 
LOK |0 852 1  |9 00 
LOK |0 935   |a uvkn  |a nacp 
LOK |0 939   |a 17-12-24  |b l01 
ORI |a SA-MARC-krimdoka001.raw